Správne konanie
Pokračovanie príspevku z predchádzajúeho čísla.
Salvato in:
| Autore principale: | |
|---|---|
| Natura: | Capitolo di libro |
| Lingua: | slovacco |
| Soggetti: | |
| Tags: |
Nessun Tag, puoi essere il primo ad aggiungerne!!
|
MARC
| LEADER | 00000naa a2200000 4500 | ||
|---|---|---|---|
| 001 | 0199027 | ||
| 005 | 20231120130451.3 | ||
| 041 | 0 | |a slo | |
| 044 | |a SK | ||
| 245 | 1 | 0 | |a Správne konanie |c Martina Kovalčíková |
| 520 | |a Pokračovanie príspevku z predchádzajúeho čísla. | ||
| 610 | 2 | 0 | |a konanie správne |
| 610 | 2 | 0 | |a konanie súdne občianske |
| 610 | 2 | 0 | |a poriadok súdny občiansky |
| 610 | 2 | 0 | |a Slovensko |
| 100 | 1 | |a Kovalčíková, Martina | |